| 000 | 00626nam a22001817a 4500 | ||
|---|---|---|---|
| 020 | _qHard Cover. | ||
| 082 | _a004 | ||
| 100 | _aMuhammad Umer ; Zubair, Shazina | ||
| 245 |
_aTRACKMED: A BLOCKCHAIN BASED PLATFORM FOR PHARMACEUTICAL SUPPLY-CHAIN _cMuhammad Umer ; Shazina Zubair |
||
| 260 |
_aISLAMABAD : _bSEECS - NUST, _c2019. |
||
| 300 |
_a32 p. : ill. ; _c30cm. |
||
| 563 | _aHBK | ||
| 650 | _aComputer Science-Project Report | ||
| 700 |
_aDr. Sayed Ali Hassan. _930807 |
||
| 856 | _uhttp://10.250.8.41:8080/xmlui/handle/123456789/25223 | ||
| 942 |
_2ddc _cPR |
||
| 999 |
_c535890 _d535890 |
||